The disciplined trader : developing winning attitudes

Bibliographic Details
Main Author: Douglas, Mark
Format: Book
Published: New York : New York Institute of Finance , 1990
Subjects:

MARC

LEADER 00000cam a2200000 7i4500
001 0000005799
002 000006267
005 20000330.0
020 |a 0132157578 
090 0 0 |a 332.64   |b DOU 
100 1 |a Douglas, Mark 
245 1 4 |a The disciplined trader :   |b developing winning attitudes   |c Mark Douglas 
260 |a New York :   |b New York Institute of Finance ,   |c 1990 
300 |a 236p. ;   |c 23cm. 
650 0 0 |a Stockbrokers   |x Attitudes 
999 |a 037760   |b BUKU   |c PINJAMAN   |e PERPUSTAKAAN KOMUNITI PETALING JAYA